[Event "3rd Open"]
[Site "Tanta City EGY"]
[Date "2000.05.10"]
[Round "7"]
[White "El Arousy,A"]
[Black "Kernazhitsky,L"]
[Result "1-0"]
[WhiteElo "2319"]
[BlackElo "2444"]

1.d4 d6 2.e4 Nf6 3.Nc3 e5 4.Nf3 Nbd7 5.Bc4 Be7 6.O-O O-O 7.a4 c6 8.Re1 h6
9.b3 b6 10.Bb2 a6 11.Nb1 Qc7 12.Nbd2 Bb7 13.Bf1 Rfe8 14.dxe5 dxe5 15.Nc4 Bf8
16.Qd2 a5 17.Rad1 Bb4 18.Bc3 Bxc3 19.Qxc3 Re6 20.Qd2 Nc5 21.Bd3 Ba6 22.Qc3 Bxc4
23.Qxc4 Rd8 24.Rc1 Red6 25.Bf1 Qe7 26.g3 Qe6 27.Qc3 Nfxe4 28.Qxe5 Qxe5 29.Nxe5 Nd2
30.Bg2 Ne6 31.Nxc6 Rxc6 32.Bxc6 Nd4 33.Bg2 N4f3+ 34.Bxf3 Nxf3+ 35.Kg2 Nxe1+
36.Rxe1 Rc8 37.c4 Kf8 38.Kf3 Rd8 39.Re5 Rd3+ 40.Re3 Rd2 41.h4 h5 42.Kg2 Rb2
43.Kf3 g6 44.Rd3 Ke7 45.Ke3 Ke6 46.f3 Rg2 47.Rd5 Rxg3 48.Rb5 Rh3 49.Rxb6+ Ke7
50.Ra6 Rxh4 51.Rxa5 Rh2 52.Kf4 Rg2 53.Rg5 Rb2 54.Rb5 Rg2 55.a5 h4 56.a6 h3
57.Rb8 Ra2 58.a7 Rxa7 59.Kg3 Rc7 60.Kxh3 Ke6 61.Rb5 f6 62.Kg4 Rd7 63.Rb6+ Ke7
64.c5 Rd4+ 65.Kg3 g5 66.b4 f5 67.b5 Rc4 68.Rb7+ Kd8 69.c6 Rc5 70.Kf2 g4 71.f4 Kc8
72.Ke3 g3 73.Kf3 Rc3+ 74.Kg2 Rb3 75.Kh3 Rc3 76.Re7 Rb3 77.Re5 Kc7 78.Rxf5 Kb6
79.Rc5 Kc7 80.f5 Rf3 81.b6+  1-0

[Event "Cat IV Women"]
[Site "Banja Dvorovi YUG"]
[Date "2000.05.12"]
[Round "6"]
[White "Sakotic,J"]
[Black "Ionescu Brandis,I"]
[Result "1/2-1/2"]
[WhiteElo "2046"]
[BlackElo "2291"]

1.e4 d6 2.d4 Nf6 3.Nc3 e5 4.dxe5 dxe5 5.Qxd8+ Kxd8 6.Bc4 Be6 7.Bxe6 fxe6
8.f3 Bc5 9.Bg5 Nc6 10.O-O-O+ Ke7 11.Na4 Bd6 12.Be3 b6 13.Nh3 h6 14.Nf2 Rhf8
15.Rhf1 Nh5 16.Nc3 Nf4 17.Bxf4 exf4 18.Nd3 a6 19.Rfe1 Ne5 20.Nxe5 Bxe5 21.Rd3 Rad8
22.Red1 Rd6 23.Rxd6 Bxd6 24.Ne2 Rf6 25.Nd4 Rg6 26.Nc6+ Kf6 27.Rd2 Rg5 28.b4 Rh5
29.h3 Rg5 30.a3 Kg6 31.Re2 e5 32.Rd2 Kh5 33.Kd1 Rg6 34.Nb8 a5 35.c3 axb4
36.axb4 c5 37.Nc6 cxb4 38.cxb4 Kg5 39.Rc2 Kf6 40.Rd2 Ke6 41.Kc2 Rg5 42.Kb3 Kd7
43.Nd8 Kxd8 44.Rxd6+ Kc7 45.Rd2 Kc6  1/2-1/2

[Event "FSFM May"]
[Site "Budapest HUN"]
[Date "2000.05.15"]
[Round "10"]
[White "Antok,D"]
[Black "Szirmai,Ed"]
[Result "1/2-1/2"]
[WhiteElo "2143"]
[BlackElo "2204"]

1.e4 d6 2.d4 Nf6 3.Nc3 c6 4.Nf3 Qa5 5.Bd3 Bg4 6.h3 Bxf3 7.Qxf3 e5 8.dxe5 dxe5
9.Bd2 Qc7 10.O-O Nbd7 11.a4 Be7 12.Ne2 O-O 13.Ng3 g6 14.Bh6 Rfe8 15.Nf5 Bf8
16.Bxf8 Kxf8 17.Ne3 Kg7 18.Rad1 Nc5 19.b3 Rad8 20.Ng4 Nxg4 21.hxg4 Ne6 22.Qe3 a6
23.Bc4 Rxd1 24.Rxd1 Rd8 25.Rxd8 Nxd8 26.Qd2 b5 27.axb5 axb5 28.Be2 Ne6 29.b4 Qe7
30.c3 Nf4 31.g3 Ne6 32.Kg2  1/2-1/2

[Event "City-ch"]
[Site "Lisbon POR"]
[Date "2000.05.15"]
[Round "1"]
[White "Dias,P"]
[Black "Ferreira,N"]
[Result "1-0"]
[WhiteElo "2267"]
[BlackElo "2208"]

1.e4 d6 2.d4 Nf6 3.Nc3 c6 4.Be3 Qa5 5.f3 e5 6.Qd2 Be7 7.Bd3 Na6 8.Nge2 b5
9.O-O Qc7 10.a3 b4 11.axb4 Nxb4 12.Nb5 cxb5 13.Qxb4 O-O 14.Qxb5 Bd7 15.Qa5 Qxa5
16.Rxa5 Bd8 17.Ra2 Bb6 18.Kf2 d5 19.dxe5 dxe4 20.exf6 exd3 21.cxd3 gxf6 22.Bxb6 axb6
23.Rxa8 Rxa8 24.Nc3 Kg7 25.Re1 Bf5 26.d4 b5 27.Nxb5 Rb8 28.Nd6 Be6 29.Rb1 Ba2
30.Rd1 Rxb2+ 31.Kg3 Kg6 32.d5 f5 33.Ne8 Rb8 34.Nc7 Kf6 35.d6 Rd8 36.Kf4 Bb3
37.Rd4 Be6 38.Nd5+ Bxd5 39.Rxd5 Ke6 40.Rd2 Rd7 41.Kg5 f6+ 42.Kf4 Rxd6 43.Rxd6+ Kxd6
44.Kxf5 Ke7 45.g4 Kf7 46.g5 fxg5 47.Kxg5 Kg7 48.Kf5 Kf7 49.f4 Ke7 50.Ke5 Kf7
51.f5 Ke7 52.f6+ Kf7 53.Kf5 Kf8 54.Ke6 Ke8 55.f7+ Kf8 56.Kf6 h5 57.h3 h4
58.Ke6  1-0

[Event "Open"]
[Site "Pula CRO"]
[Date "2000.05.21"]
[Round "6"]
[White "Sveshnikov,E"]
[Black "Boric,M"]
[Result "1/2-1/2"]
[WhiteElo "2541"]
[BlackElo "2413"]

1.e4 d6 2.d4 Nf6 3.Nc3 Nbd7 4.f4 e5 5.Nf3 exd4 6.Qxd4 c6 7.Be3 d5 8.O-O-O Bc5
9.Qd2 Bb4 10.exd5 Nxd5 11.Bc4 O-O 12.Bxd5 cxd5 13.a3 Bxc3 14.Qxc3 Nf6 15.Bd4 Ne4
16.Qb3 b6 17.Rhe1 Re8 18.h3 Bb7 19.Be5 Qc8 20.Nd4 Qc4 21.Qxc4 dxc4 22.Nf5 Nc5
23.Nd6 Re7 24.Nxc4 f6 25.Bd4 Rxe1 26.Rxe1 Bxg2 27.Bxf6 Bxh3 28.Bc3 Ne6 29.Re3 Nxf4
30.Be5 Be6 31.Nxb6 axb6 32.Bxf4 Kf7 33.Rf3 Bd5 34.Rf1 Bc4 35.Rf2 b5 36.b3 Bd5
37.Kb2 Ra6 38.Be5+ Kg8 39.Kc3 g5 40.Kb4 Re6 41.Bd4 Bc6 42.Kc5 g4 43.Rf5 Rg6
44.Rf6 Rxf6 45.Bxf6 Kf7 46.Bh4 Be8 47.Kd4  1/2-1/2

[Event "Open"]
[Site "Pula CRO"]
[Date "2000.05.23"]
[Round "8"]
[White "Sveshnikov,E"]
[Black "Stocek,J"]
[Result "1-0"]
[WhiteElo "2541"]
[BlackElo "2496"]

1.e4 d6 2.d4 Nf6 3.Nc3 e5 4.Nf3 Nbd7 5.g3 c6 6.Bg2 b5 7.O-O Bb7 8.Re1 a6
9.b3 g6 10.Qd2 Bg7 11.Ba3 c5 12.dxc5 dxc5 13.Nd5 Nxd5 14.exd5 O-O 15.Rad1 b4
16.Bb2 Re8 17.Ng5 Nb6 18.f4 h6 19.Ne4 Bxd5 20.Qf2 Qc7 21.f5 gxf5 22.Qxf5 Qe7
23.Bc1 Qe6 24.Qxe6 fxe6 25.Be3 Bxe4 26.Bxe4 Rac8 27.Rd6 Nd5 28.Rxa6 Nxe3
29.Rxe3 c4 30.Kg2 cxb3 31.axb3 Rcd8 32.Rf3 Rd4 33.Bg6 Rf8 34.Rxf8+ Bxf8 35.Kf3 Kg7
36.Be4 Kf6 37.h4 Rd1 38.Ra8 Kf7 39.Rc8 Rf1+ 40.Ke2 Rg1 41.Kf2 Ra1 42.Rc6 Ra5
43.Kf3 Rc5 44.Rb6 Rc7 45.Bd3 Bc5 46.Rb5 Bd6 47.Rb6 Bc5 48.Ra6 Bd4 49.g4 Kf6
50.Ra4 Bc3 51.Ra8 Kg7 52.g5 hxg5 53.hxg5 Rf7+ 54.Ke2 Rf4 55.Ra7+ Rf7 56.Ra6 Re7
57.Rb6 Kg8 58.Kf3 Kg7 59.Kg4 Bd2 60.Kh5 Bc3 61.Rd6 Bd4 62.Be4 Bc3 63.Rc6 Bd4
64.c4 bxc3 65.b4 Rb7 66.b5 Rxb5 67.Rc7+ Kf8 68.g6 Rc5 69.g7+ Kg8 70.Rd7 Rc8
71.Kh6 Be3+ 72.Kg6 Bc5 73.Bc2 Bf8 74.Bb3 Re8 75.Rd8 c2 76.Rxe8  1-0

[Event "zt 1.8"]
[Site "Minsk BLR"]
[Date "2000.05.26"]
[Round "1"]
[White "Khruschiov,A"]
[Black "Kasparov,S"]
[Result "1-0"]
[WhiteElo "2281"]
[BlackElo "2465"]

1.e4 d6 2.d4 Nf6 3.Nc3 e5 4.dxe5 dxe5 5.Qxd8+ Kxd8 6.Bc4 Be6 7.Bxe6 fxe6
8.Be3 Bd6 9.f3 a6 10.Nge2 Ke7 11.Nc1 Nbd7 12.Nd3 c5 13.a4 c4 14.Nf2 Bc5 15.Ke2 Rac8
16.a5 Bxe3 17.Kxe3 Rc5 18.Ra4 Rhc8 19.Rha1 Ne8 20.Nfd1 Nd6 21.Kd2 g5 22.Ne3 h5
23.h4 gxh4 24.Rh1 Nb8 25.Rxh4 Rh8 26.g4 Nc6 27.Rxh5 Rxh5 28.gxh5 Nd4 29.Ng4 Nxf3+
30.Ke3 Nd4 31.Kd2 N4b5 32.Ke3 Nd4 33.Kd2 Nf3+ 34.Ke3 Ng5 35.Ra1 Ngf7 36.h6 Rc8
37.h7 Rh8 38.Rh1 Ne8 39.Na4 Nf6 40.Nxf6 Kxf6 41.Nc5 Ke7 42.Nxb7 Rc8 43.Rg1 Rh8
44.Rh1 Rc8 45.b4 cxb3 46.cxb3 Nh8 47.b4 Rc3+ 48.Kd2 Rb3 49.Rg1 Rh3 50.Nc5 Rxh7
51.Nxa6 Nf7 52.Nc5 Kd6 53.Rg6 Nd8 54.Kd3 Re7 55.Kc4 Nc6 56.Kb5 Na7+ 57.Kb6 Nc8+
58.Ka6 Kc6 59.Rxe6+ Rxe6 60.Nxe6 Nd6 61.Ng5 Nb5 62.Nf7 Nc7+ 63.Ka7 Kb5 64.Nxe5 Kxb4
65.Kb6  1-0

[Event "SVOLTA Open"]
[Site "Turin ITA"]
[Date "2000.05.28"]
[Round "1"]
[White "Soncin,D"]
[Black "Lazic,Mi"]
[Result "0-1"]
[WhiteElo "2143"]
[BlackElo "2478"]

1.e4 d6 2.d4 Nf6 3.Nc3 c6 4.Be2 Qa5 5.Bd2 e5 6.Nf3 Nbd7 7.O-O Qc7 8.a4 Be7
9.a5 O-O 10.Kh1 Re8 11.Re1 Rb8 12.h3 b5 13.axb6 axb6 14.Bc4 b5 15.dxe5 dxe5
16.Bd3 Nc5 17.Be3 h6 18.Qc1 Be6 19.Nd2 Ra8 20.Nf1 Rxa1 21.Qxa1 Rd8 22.Rd1 b4
23.Ne2 Ncxe4 24.Nfg3 Nc5 25.Bf5 Bd5 26.Qc1 Ne6 27.Bxh6 gxh6 28.Bxe6 Bxe6
29.Rxd8+ Qxd8 30.Qxh6 Nh7 31.Nh5 Bf8 32.Qe3 Qg5  0-1

[Event "zt 1.8"]
[Site "Minsk BLR"]
[Date "2000.05.31"]
[Round "6"]
[White "Gashimov,V"]
[Black "Kasparov,S"]
[Result "0-1"]
[WhiteElo "2426"]
[BlackElo "2465"]

1.e4 d6 2.d4 Nf6 3.Nc3 e5 4.dxe5 dxe5 5.Qxd8+ Kxd8 6.Nf3 Bd6 7.Bc4 Ke7 8.Bg5 Be6
9.Nd5+ Bxd5 10.Bxd5 c6 11.Bc4 h6 12.Bh4 Nd7 13.Nd2 b5 14.Be2 Nc5 15.f3 a5
16.Nf1 Ke6 17.Ne3 g6 18.O-O-O Rad8 19.b3 Be7 20.a4 Rxd1+ 21.Rxd1 Rb8 22.axb5 cxb5
23.Be1 a4 24.b4 Na6 25.c3 Ne8 26.Nd5 Bg5+ 27.Kb1 Nd6 28.h4 Bd8 29.h5 gxh5
30.f4 Nxe4 31.f5+ Kxf5 32.Bd3 Nc7 33.Nxc7 Bxc7 34.Bc2 Rd8 35.Bd2 Bb6 36.Kc1 Rxd2
37.Bxe4+ Kxe4 38.Kxd2 h4 39.Ke2 f5 40.Rd6 Be3 41.c4 bxc4 42.b5 h3 43.gxh3 f4
44.b6 f3+ 45.Kd1 c3 46.b7 Ba7 47.Rxh6 a3 48.Ra6 Kd3 49.Rd6+ Ke3 50.Kc2 f2  0-1

[Event "FSIMA June"]
[Site "Budapest HUN"]
[Date "2000.06.05"]
[Round "3"]
[White "Cooke,E"]
[Black "Morrison,Ch"]
[Result "1/2-1/2"]
[WhiteElo "2266"]
[BlackElo "2176"]

1.e4 d6 2.d4 Nf6 3.Nc3 Nbd7 4.f4 e5 5.Nf3 exd4 6.Nxd4 Be7 7.Be2 O-O 8.Be3 Re8
9.Nb3 Nxe4 10.Nxe4 Bh4+ 11.Kd2 Rxe4 12.Bd3 Re8 13.Qf3 Bf6 14.c3 Nc5 15.Bxc5 dxc5
16.Nxc5 Bf5 17.Rhe1 Bxd3 18.Qxd3 Qc8 19.Kc2 Qg4 20.g3 Red8 21.Qe4 b6 22.Rad1 g6
23.Rxd8+ Rxd8 24.Nd3 Qd7 25.Qe2 Qa4+ 26.Kb1 Qc4 27.Nc1 Qxe2 28.Rxe2 Kf8 29.Kc2 h5
30.Nb3 Rd5 31.c4 Rd7 32.Nd2 Rd4 33.b3 Rd7 34.a4 Rd8 35.Ne4 Be7 36.Nc3 a6
37.Nd5 Rd7 38.Kc3 Bd8 39.Kc2 c6 40.Nb4 c5 41.Nxa6 Be7 42.Rd2 Rxd2+ 43.Kxd2 Bd6
44.Kc3 Ke7 45.b4 Kd7 46.a5 cxb4+ 47.Nxb4 bxa5 48.Nd3 Kc6 49.Kb3 f6 50.h3 g5
51.fxg5 fxg5 52.g4 hxg4 53.hxg4 Bf4 54.Ka4 Bd2 55.Kb3 Be3 56.Kc3 Kb6  1/2-1/2

[Event "FSIMA June"]
[Site "Budapest HUN"]
[Date "2000.06.06"]
[Round "4"]
[White "Zimmerman,Y"]
[Black "Morrison,Ch"]
[Result "1-0"]
[WhiteElo "2397"]
[BlackElo "2176"]

1.d4 d6 2.e4 Nf6 3.Nc3 c6 4.f4 Qa5 5.e5 Ne4 6.Qf3 d5 7.Bd3 Na6 8.Ne2 Nb4
9.O-O Nxd3 10.cxd3 Nxc3 11.bxc3 g6 12.a4 h5 13.h3 h4 14.Ba3 Bf5 15.Rfc1 e6
16.Bxf8 Kxf8 17.Qe3 Kg7 18.c4 dxc4 19.dxc4 Rhd8 20.Rd1 Bc2 21.Rd2 Bxa4 22.Nc3 b5
23.Rda2 Qb4 24.Nxa4 bxa4 25.Rxa4 Qb2 26.c5 Rab8 27.f5 exf5 28.e6 fxe6 29.Qxe6 Rb7
30.Qe5+ Kh7 31.Rxa7 Rdd7 32.R7a4 Re7 33.Qf6 Re4 34.Ra7 Qb3 35.Ra8 Rb8 36.R8a7+ Rb7
37.Qxc6  1-0

[Event "zt 4.2"]
[Site "Cairo EGY"]
[Date "2000.06.08"]
[Round "3"]
[White "Andolo,H"]
[Black "El Taher,F"]
[Result "0-1"]
[WhiteElo "2200"]
[BlackElo "2471"]

1.e4 d6 2.d4 Nf6 3.Nc3 Nbd7 4.f4 e5 5.Nf3 exd4 6.Qxd4 c6 7.Bd2 d5 8.e5 Bc5
9.Qd3 Ng4 10.Nd1 Be7 11.Ne3 Nc5 12.Qe2 Qb6 13.Nd1 Ne4 14.g3 Bc5 15.Bg2 O-O
16.b4 Bxb4 17.Rb1 Nxd2 18.Rxb4 Nxf3+ 19.Bxf3 Qxb4+ 20.c3 Qc4  0-1

[Event "FSGM June"]
[Site "Budapest HUN"]
[Date "2000.06.09"]
[Round "7"]
[White "Kosanovic,G"]
[Black "Lorscheid,G"]
[Result "1/2-1/2"]
[WhiteElo "2474"]
[BlackElo "2318"]

1.e4 d6 2.d4 Nf6 3.Nc3 e5 4.Nf3 Nbd7 5.Bc4 Be7 6.O-O O-O 7.a4 c6 8.Ba2 b6
9.Re1 a6 10.h3 Rb8 11.d5 c5 12.Bc4 Ne8 13.Bf1 g6 14.Bh6 Ng7 15.Nd2 Bg5 16.Bxg5 Qxg5
17.Nc4 Ne8 18.Re3 Kh8 19.Rg3 Qh6 20.Qd2 Qxd2 21.Nxd2 f5 22.Re3 Ndf6 23.Ree1 Nc7
24.f3 Rd8 25.Nc4 Nfe8 26.Reb1 b5 27.axb5 axb5 28.Nd2 Bd7 29.b4 c4 30.Ra7 Ra8
31.Rba1  1/2-1/2

[Event "zt 1.5"]
[Site "Yerevan ARM"]
[Date "2000.06.13"]
[Round "7"]
[White "Asrian,K"]
[Black "Gelashvili,T"]
[Result "1-0"]
[WhiteElo "2572"]
[BlackElo "2514"]

1.e4 d6 2.d4 Nf6 3.Nc3 Nbd7 4.Nf3 e5 5.Bc4 Be7 6.O-O O-O 7.Re1 c6 8.a4 b6
9.Ba2 a6 10.Bg5 Qc7 11.Nh4 exd4 12.Nf5 dxc3 13.Nxe7+ Kh8 14.bxc3 Ne5 15.Nxc8 Raxc8
16.f4 Ned7 17.Bc4 Rce8 18.Bd3 Nc5 19.Qf3 Nfd7 20.Bh4 f6 21.Qh5 Nxd3 22.cxd3 Nc5
23.Qf3 b5 24.axb5 cxb5 25.Reb1 Rb8 26.d4 Na4 27.Be1 Rfe8 28.Qd3 Qc6 29.c4 bxc4
30.Qc2 Rxb1 31.Rxb1 Nb6 32.d5 Qc7 33.Bf2 Nd7 34.Qa4 c3 35.Qxa6 c2 36.Rc1 Rc8
37.h3 Kg8 38.Kh2 Kf7 39.Bd4 Nc5 40.Qb5 Nxe4 41.Qe2 Qe7 42.Rxc2 Rxc2 43.Qxc2 f5
44.Qc8 Kg6 45.g4 Qf7 46.h4 h5 47.Qe6+ Qxe6 48.dxe6 d5 49.Be5 Nf6 50.Bxf6 Kxf6
51.gxf5  1-0

[Event "IV Pablo Gorbea Mem Open"]
[Site "Madrid ESP"]
[Date "2000.06.15"]
[Round "6"]
[White "Blanco Sanjuan,J"]
[Black "Madina,M"]
[Result "1-0"]
[WhiteElo "2185"]
[BlackElo "2284"]

1.e4 d6 2.d4 Nf6 3.Nc3 c6 4.a4 g6 5.Nge2 Bg7 6.h3 h5 7.Be3 Nbd7 8.Qd2 Qc7
9.g3 e5 10.Bg2 h4 11.g4 Nf8 12.f4 exf4 13.Nxf4 Ne6 14.O-O-O Nxf4 15.Bxf4 Nd7
16.Rhe1 O-O 17.d5 Bxc3 18.Qxc3 c5 19.e5 Nxe5 20.Bxe5 dxe5 21.d6 Qd7 22.Rxe5 Qxa4
23.Kb1 Be6 24.b3 Qa3 25.Rxc5 a5 26.Bxb7 Ra7 27.Bc8 a4 28.Bxe6 fxe6 29.Rc7 Rxc7
30.dxc7 axb3 31.cxb3 Qa8 32.Qd3 Kg7 33.Qd7+ Kh6 34.Qxe6 Qf3 35.g5+  1-0

[Event "zt 1.4"]
[Site "Budapest HUN"]
[Date "2000.06.17"]
[Round "1"]
[White "Radulski,J"]
[Black "Varga,Zo"]
[Result "1-0"]
[WhiteElo "2421"]
[BlackElo "2530"]

1.e4 d6 2.d4 Nf6 3.Nc3 e5 4.dxe5 dxe5 5.Qxd8+ Kxd8 6.Bc4 Be6 7.Bxe6 fxe6
8.Be3 Bd6 9.f3 Nc6 10.O-O-O a6 11.Na4 Ke7 12.Nc5 b6 13.Nd3 Na5 14.Ne2 c5
15.h4 c4 16.Nf2 b5 17.h5 h6 18.Rh4 Nb7 19.Ng4 Nd7 20.Bf2 Rhc8 21.Rhh1 Rc6
22.Bh4+ Ke8 23.Rd2 Nd8 24.f4 Nf7 25.Rhd1 Nc5 26.fxe5 Bc7 27.Nd4 Rb6 28.Rf2 Bd8
29.Rdf1 Rb7 30.Bxd8 Rxd8 31.Nc6 Rc8 32.Nd4 Rd8 33.Nc6 Rdd7 34.Rf4 Rbc7 35.Nb8 Re7
36.Nf6+ gxf6 37.exf6 Red7 38.Nxd7 Rxd7 39.Rg4 Ng5 40.e5 Kf7 41.Re1 Rd5 42.Rg3 Nce4
43.Ra3 Rxe5 44.Rxa6 Kxf6 45.Rf1+ Ke7 46.a4 Ng3 47.Ra7+ Kd6 48.Rd1+ Kc6 49.a5 b4
50.Kb1 N5e4 51.Rd4 Rxh5 52.a6 c3 53.bxc3 bxc3 54.Ra4 Rb5+ 55.Ka1 Rb8 56.Re7 Nc5
57.a7 Ra8 58.Rb4 Na6 59.Rb3 Nf5 60.Rxe6+ Nd6 61.Rxd6+ Kxd6 62.Rb6+ Kc7 63.Rxa6 Kb7
64.Ra4 h5 65.Ka2 Kb6 66.Kb3 Kb7 67.g3 Kb6 68.Kb4 Kb7 69.Kb5 Rg8 70.a8=Q+ Rxa8
71.Rxa8 Kxa8 72.Kc4 Kb7 73.Kxc3 Kc7 74.Kd4 Kd6 75.Ke4  1-0

[Event "White Nights Open"]
[Site "St Petersburg RUS"]
[Date "2000.06.23"]
[Round "1"]
[White "Malinin,V"]
[Black "Trushelyov,V"]
[Result "1-0"]
[WhiteElo "2338"]
[BlackElo "2062"]

1.d4 d6 2.e4 Nf6 3.Nc3 e5 4.dxe5 dxe5 5.Qxd8+ Kxd8 6.Bc4 Ke8 7.Nf3 Bd6 8.Bg5 c6
9.O-O-O Bc7 10.h3 Nbd7 11.a4 a6 12.Nd2 h6 13.Be3 b5 14.Ba2 Bb6 15.Rhe1 b4
16.Ncb1 Bxe3 17.Rxe3 Nc5 18.Nc4 Be6 19.Nd6+ Ke7 20.Nf5+ Kf8 21.Bxe6 fxe6
22.Nh4 Kf7 23.Nd2 Rhd8 24.Nhf3 Nfd7 25.Nc4 Kf6 26.b3 Rdc8 27.Nh2 h5 28.g4 h4
29.g5+ Kg6 30.Nf3 Rf8 31.Rg1 Rf4 32.Nfxe5+ Nxe5 33.Nxe5+ Kh5 34.f3 Raf8 35.g6 R4f6
36.a5 Rd8 37.Re2 Nb7 38.Reg2 Nd6 39.Rg5+ Kh6 40.R5g4 Kh5 41.f4 Rdf8 42.Rg5+  1-0

[Event "zt 1.4"]
[Site "Budapest HUN"]
[Date "2000.06.24"]
[Round "8"]
[White "Radulski,J"]
[Black "Janev,E"]
[Result "1/2-1/2"]
[WhiteElo "2421"]
[BlackElo "2339"]

1.d4 d6 2.e4 Nf6 3.Nc3 Nbd7 4.Nf3 e5 5.Bc4 Be7 6.O-O O-O 7.Qe2 c6 8.a4 b6
9.Rd1 Qc7 10.Bg5 a6 11.Ba2 h6 12.Be3 Nh7 13.Qd2 Rb8 14.h3 b5 15.axb5 axb5
16.Ne2 exd4 17.Nfxd4 Ne5 18.Ng3 Rd8 19.Ndf5 Bf8 20.Bb3  1/2-1/2

[Event "White Nights Open"]
[Site "St Petersburg RUS"]
[Date "2000.06.25"]
[Round "3"]
[White "Barbitskij,A"]
[Black "Trushelyov,V"]
[Result "1-0"]
[WhiteElo "2284"]
[BlackElo "2062"]

1.e4 d6 2.d4 Nf6 3.Nc3 e5 4.Nf3 Nbd7 5.Bc4 Be7 6.Bg5 O-O 7.Qd2 c6 8.a4 Qc7
9.Ba2 a6 10.O-O b6 11.Nh4 Re8 12.Nf5 Bf8 13.Rad1 b5 14.f3 Qa5 15.dxe5 dxe5
16.Nd6 Bxd6 17.Qxd6 Qb6+ 18.Kh1 Bb7 19.b4 h6 20.a5 Qd8 21.Bh4 Qe7 22.Qc7 Nf8
23.Qxe7 Rxe7 24.Bxf6 gxf6 25.Rd6 Ne6 26.Bxe6 fxe6 27.Nd1 Rc8 28.Nf2 Rcc7
29.Nd3 Kf7 30.f4 exf4 31.Rxf4 Kg7 32.Nc5 Bc8 33.Rd8 e5 34.Rf3 Kf7 35.Rd6 Be6
36.Nxa6 Rcd7 37.Rfd3 Rxd6 38.Rxd6 f5 39.Nc5 fxe4 40.Rxe6  1-0

[Event "White Nights Open"]
[Site "St Petersburg RUS"]
[Date "2000.06.28"]
[Round "5"]
[White "Kuzmina,O"]
[Black "Malinin,Y"]
[Result "0-1"]
[WhiteElo "2188"]
[BlackElo "2342"]

1.e4 d6 2.d4 Nf6 3.Nc3 c6 4.Bd3 e5 5.Nf3 Nbd7 6.O-O Qc7 7.Re1 b5 8.Ne2 Bb7
9.Ng3 g6 10.c3 Bg7 11.Bd2 O-O 12.Qc1 Rfe8 13.Bh6 Bh8 14.h4 Ng4 15.Bg5 a6
16.h5 d5 17.hxg6 hxg6 18.exd5 cxd5 19.dxe5 Ndxe5 20.Nxe5 Bxe5 21.Bh4 Bf4
22.Rxe8+ Rxe8 23.Qd1 Nxf2 24.Kxf2 Be3+ 25.Kf1 Qf4+ 26.Qf3 Qxh4 27.Re1 d4
28.Qxb7 Qxg3 29.Qf3 Qh4 30.g3 Qh3+ 31.Qg2 Qe6 32.Qf3 Qh3+ 33.Qg2 Qg4 34.Re2 Re6
35.Ke1 dxc3 36.bxc3 b4 37.c4 Qd4  0-1

[Event "1st ch-Europe"]
[Site "Saint Vincent ITA"]
[Date "2000.07.06"]
[Round "4"]
[White "Drei,A"]
[Black "Gelashvili,T"]
[Result "1-0"]
[WhiteElo "2351"]
[BlackElo "2514"]

1.e4 d6 2.d4 Nf6 3.Nc3 Nbd7 4.Nf3 e5 5.Bc4 Be7 6.O-O O-O 7.a4 c6 8.Qe2 exd4
9.Nxd4 Re8 10.Ba2 Bf8 11.Qf3 Ne5 12.Qd1 a5 13.h3 Qb6 14.Kh1 Ned7 15.Nf5 Nc5
16.Qf3 Bxf5 17.exf5 d5 18.g4 Nfe4 19.Nxe4 Rxe4 20.c4 d4 21.Bb1 Ree8 22.g5 Qb3
23.Qg2 g6 24.fxg6 hxg6 25.Ra3 Qxc4 26.Ba2 Qe2 27.Rf3 Ne6 28.h4 Rad8 29.h5 Rd7
30.hxg6 fxg6 31.Rf6 Bg7 32.Rf3 Be5 33.Kg1 Rh7 34.Rh3 Rxh3 35.Qxh3 Bg7 36.f4 d3
37.Be3 Kf8 38.Bxe6 Rd8 39.f5 d2 40.fxg6+ Ke7 41.Bc5+ Rd6 42.Rf7+  1-0

[Event "29th ch-GRE Team"]
[Site "Athens GRE"]
[Date "2000.07.07"]
[Round "2"]
[White "Tzoumbas,A"]
[Black "Lagopatis,N"]
[Result "1-0"]
[WhiteElo "2352"]
[BlackElo "2129"]

1.e4 d6 2.d4 Nf6 3.Nc3 Nbd7 4.Nf3 e5 5.Bc4 Be7 6.O-O O-O 7.a4 a5 8.Re1 c6
9.Ba2 h6 10.h3 Nh7 11.Ne2 Ng5 12.Nxg5 hxg5 13.Be3 g6 14.f3 Kg7 15.c3 Rh8
16.Qb3 Qe8 17.Nc1 b6 18.Nd3 c5 19.Qd5 Rb8 20.dxe5 Bb7 21.Qc4 Nxe5 22.Nxe5 dxe5
23.Qd3 Rd8 24.Bd5 f5 25.Qc4 Bc8 26.b4 g4 27.fxg4 f4 28.Bf2 Bh4 29.Bxh4 Rxh4
30.bxc5 bxc5 31.Qxc5 Bxg4 32.hxg4 Qd7 33.Rab1 Rc8 34.Qf2 Qxg4 35.Rb7+ Kh6
36.Qf3 Qxf3 37.gxf3 Rxc3 38.Rb2 Rxf3 39.Be6 Kg5 40.Rg2+ Kf6 41.Bg4 Ra3 42.Rb1 Rxa4
43.Rb6+ Kf7 44.Be6+ Ke7 45.Rxg6 Rb4 46.Rxb4 axb4 47.Bd5 Rh3 48.Re6+ Kd7 49.Rb6 Rc3
50.Rxb4 Rc1+ 51.Kf2 Rc2+ 52.Kf3 Rc3+ 53.Ke2 Rc2+ 54.Kd3 Rh2 55.Rb7+ Kd6 56.Rb6+ Kc5
57.Rc6+ Kb5 58.Re6 Rh3+ 59.Ke2 Kc5 60.Rxe5 Kd4 61.Rf5 Re3+ 62.Kf2 Rc3 63.Rxf4 Rc2+
64.Kf3 Ke5 65.Rf5+ Kd6 66.Rf6+ Ke7 67.Rc6 Rd2 68.Kf4 Rd1 69.Ke5 Rh1 70.Rc7+ Kd8
71.Rg7 Rh6 72.Be6  1-0

[Event "ch-POL women"]
[Site "Brzeg Dolny POL"]
[Date "2000.07.08"]
[Round "3"]
[White "Dworakowska,J"]
[Black "Glazik,M"]
[Result "1-0"]
[WhiteElo "2371"]
[BlackElo "2155"]

1.e4 d6 2.d4 Nf6 3.Nc3 e5 4.Nf3 Nbd7 5.Bc4 Be7 6.O-O O-O 7.a4 c6 8.a5 exd4
9.Nxd4 Ne5 10.Be2 c5 11.Nf3 Nc6 12.a6 b6 13.Bf4 Bg4 14.h3 Be6 15.Qd2 d5 16.exd5 Nxd5
17.Rfd1 Ncb4 18.Be5 Bf6 19.Nxd5 Nxd5 20.c4 Nb4 21.Qc1 Qe8 22.Bxf6 gxf6 23.Qh6 Qe7
24.Bd3 Nxd3 25.Rxd3 Kh8 26.Re1 Rg8 27.Nh4 Qf8 28.Qxf6+ Qg7 29.Qxg7+ Kxg7
30.b3 Rad8 31.Rde3 Rd6 32.f4 Kf6 33.Nf3 Bc8 34.Ng5 Rd4 35.Nxh7+ Kg7 36.Ng5 Rxf4
37.Rg3 Kf8 38.Nh7+  1-0

[Event "29th ch-GRE Team"]
[Site "Athens GRE"]
[Date "2000.07.10"]
[Round "5"]
[White "Velimirovic,D"]
[Black "Tzolas,G"]
[Result "1-0"]
[WhiteElo "2558"]
[BlackElo "2160"]

1.e4 d6 2.d4 Nf6 3.Nc3 e5 4.Nf3 Nbd7 5.Bc4 Be7 6.O-O O-O 7.a4 c6 8.Re1 Qc7
9.Ba2 b6 10.Bg5 a6 11.Qd2 Bb7 12.Nh4 g6 13.Bh6 Rfe8 14.Nf5 Bf8 15.Bxf8 Rxf8
16.dxe5 dxe5 17.Qg5 Kh8 18.Nh6 Kg7 19.Rad1 Rad8 20.Rd3 Bc8 21.Red1 Nc5 22.Rxd8 Rxd8
23.Rxd8 Qxd8 24.Nxf7 Qf8 25.Qh6+ Kg8 26.Ng5+  1-0

[Event "ch-POL women"]
[Site "Brzeg Dolny POL"]
[Date "2000.07.10"]
[Round "5"]
[White "Matras,A"]
[Black "Glazik,M"]
[Result "1-0"]
[WhiteElo "2232"]
[BlackElo "2155"]

1.e4 d6 2.d4 Nf6 3.Nc3 e5 4.Nge2 Nc6 5.f3 Be7 6.Be3 O-O 7.Qd2 a6 8.g4 b5
9.g5 Nd7 10.h4 Nb6 11.b3 f5 12.d5 Nb8 13.f4 b4 14.Nd1 fxe4 15.Nf2 Bb7 16.Bh3 Kh8
17.Be6 N8d7 18.f5 Nc5 19.Bxc5 dxc5 20.O-O-O c4 21.Nxe4 c3 22.Qe3 Nxd5 23.Qg3 c6
24.Qxe5 Qa5 25.Rxd5 cxd5 26.f6 gxf6 27.gxf6 Bd6 28.Nxd6  1-0

[Event "29th ch-GRE Team"]
[Site "Athens GRE"]
[Date "2000.07.12"]
[Round "7"]
[White "Solidakis,N"]
[Black "Lagopatis,N"]
[Result "0-1"]
[WhiteElo "2057"]
[BlackElo "2129"]

1.d4 d6 2.e4 Nf6 3.Nc3 Nbd7 4.Nf3 e5 5.Bc4 Be7 6.dxe5 dxe5 7.O-O O-O 8.Qe2 c6
9.a4 a5 10.Be3 Qc7 11.Rad1 Nc5 12.Bxc5 Bxc5 13.Rd2 Bb4 14.Rfd1 Bg4 15.Qe3 Qe7
16.h3 Bxc3 17.bxc3 Bxf3 18.Qxf3 Rad8 19.Rd3 g6 20.g3 Kg7 21.Kg2 h5 22.Qe3 h4
23.Qb6 Ra8 24.Re1 Nh5 25.Rf3 f6 26.Rd3 f5 27.Red1 Nf6 28.Rd6 fxe4 29.Re6 Qf7
30.Rxc6 Nd5 31.Rxd5 bxc6  0-1

[Event "t-EuCh U18"]
[Site "Balatonlelle HUN"]
[Date "2000.07.12"]
[Round "4"]
[White "Hera,I"]
[Black "Saric,A"]
[Result "1-0"]
[WhiteElo "2319"]
[BlackElo "2229"]

1.e4 d6 2.d4 Nf6 3.Nc3 e5 4.Nf3 Nbd7 5.Bc4 Be7 6.O-O O-O 7.a4 c6 8.Re1 a5
9.h3 Qc7 10.b3 exd4 11.Nxd4 Re8 12.Ba3 Bf8 13.Bb2 Qb6 14.Nf3 Nc5 15.Qd4 Be6
16.Ba3 Bxc4 17.Qxc4 Rad8 18.Qd4 Qc7 19.Rad1 Ne6 20.Qc4 Nc5 21.Bxc5 dxc5 22.e5 Rxd1
23.Nxd1 Nd5 24.Nc3 Nb6 25.Qg4 c4 26.Ne4 Be7 27.e6 Bd8 28.Neg5 f6 29.Nxh7 cxb3
30.cxb3 Nd5 31.Qg6 Qe7 32.Nd4 Nf4 33.Nxf6+ Qxf6 34.Qxe8+ Kh7 35.Nf3 Bb6 36.Qf7 Bxf2+
37.Kxf2 Qb2+ 38.Kg3 Nd3 39.Qf5+  1-0

[Event "1st ch-Europe"]
[Site "Saint Vincent ITA"]
[Date "2000.07.12"]
[Round "9"]
[White "Godena,M"]
[Black "Azmaiparashvili,Z"]
[Result "0-1"]
[WhiteElo "2487"]
[BlackElo "2675"]

1.e4 d6 2.d4 Nf6 3.Nc3 e5 4.dxe5 dxe5 5.Qxd8+ Kxd8 6.Bc4 Ke8 7.Nf3 Bd6 8.O-O a6
9.a4 Nc6 10.Ng5 Nd8 11.Nd5 Nxd5 12.Bxd5 f6 13.Nf3 Be6 14.Bxe6 Nxe6 15.Rd1 Ke7
16.Kf1 Nc5 17.Nd2 b5 18.b3 Ne6 19.Bb2 Bc5 20.g3 Rhd8 21.axb5 axb5 22.Rxa8 Rxa8
23.Ra1 Rd8 24.Nf3 Bd4 25.Nxd4 exd4 26.Ra5 Rb8 27.f4 Kd7 28.Ke2 Nc5 29.Bxd4 Nxe4
30.Kd3 Nd6 31.Ra6 Re8 32.Bc5 Ne4 33.Bd4 h5 34.Ra5 Nd6 35.Bf2 Ke6 36.Ra7 Re7
37.Bc5 Rd7 38.Bxd6 Rxd6+ 39.Ke3 Rc6 40.Kd3 Kf5 41.Ra8 Rd6+ 42.Ke3 Re6+ 43.Kf3 Rc6
44.c4 bxc4 45.Ra5+ Kg6 46.f5+ Kh6 47.bxc4 Rxc4 48.h4 Rc3+ 49.Kf4 Kh7 50.Rd5 c5
51.Rd8 Rc1 52.Rc8 Rf1+ 53.Ke4 Re1+ 54.Kf4 Re5 55.Rc6 Kg8 56.Rc8+ Kf7 57.Rc7+ Kf8
58.Rc8+ Ke7 59.Rc7+ Kd6 60.Rxg7 Rd5 61.Rh7 c4 62.Rf7 c3 63.Rxf6+ Kc7 64.Rf7+ Kb6
65.Rf6+ Kb5 66.Rf8 c2 67.Rc8 Rc5  0-1

[Event "29th ch-GRE Team"]
[Site "Athens GRE"]
[Date "2000.07.13"]
[Round "8"]
[White "Efthimiatos,G"]
[Black "Lagopatis,N"]
[Result "1/2-1/2"]
[WhiteElo "2199"]
[BlackElo "2129"]

1.e4 d6 2.d4 Nf6 3.Nc3 Nbd7 4.Nf3 e5 5.Bc4 Be7 6.O-O O-O 7.h3 c6 8.a4 a5
9.dxe5 dxe5 10.Qe2 Qc7 11.Be3 Nc5 12.Ng5 b6 13.Bxf7+ Rxf7 14.Qc4 Bf8 15.Rfd1  1/2-1/2

[Event "ch-Paris"]
[Site "Paris FRA"]
[Date "2000.07.15"]
[Round "1"]
[White "Larrat,P"]
[Black "Mensch,E"]
[Result "0-1"]
[WhiteElo "2120"]
[BlackElo "2302"]

1.e4 d6 2.d4 Nf6 3.Nc3 Nbd7 4.Nf3 e5 5.Bc4 Be7 6.O-O O-O 7.h3 c6 8.a4 b6
9.Be3 a6 10.Qd3 Bb7 11.d5 c5 12.Nh2 Bc8 13.f4 exf4 14.Bxf4 Nh5 15.Bd2 Ne5
16.Qe2 Ng3 17.Qe3 Nxc4 18.Qxg3 Nxd2  0-1